| 000 | 00000nam 2200000za 4500 |
| 001 | 9.846840 |
| 003 | CaOODSP |
| 005 | 20221107153312 |
| 007 | cr ||||||||||| |
| 008 | 171108s1937 onc os f000 0 eng d |
| 040 | |aCaOODSP|beng |
| 041 | |aeng|afre |
| 043 | |an-cn--- |
| 086 | 1 |aCS81-D/86-1937-PDF |
| 100 | 1 |aMulroney, J. E. |
| 245 | 14|aThe use of films and slides in Canadian schools |h[electronic resource] / |cDominion Bureau of Statistics, Education Statistics Branch. |
| 246 | 1 |iAdded cover title: |aEmploi des films et diapositives dans les écoles canadiennes |
| 260 | |aOttawa : |bDominion Bureau of Statistics, |c1937. |
| 300 | |a48, [2] p. |
| 490 | 1 |aEducation bulletin ; |vno. 3, 1937 |
| 500 | |aCover title. |
| 500 | |aAuthors: J.E. Mulroney and J.E. Robbins. Cf. Preface. |
| 500 | |aChiefly tables. |
| 500 | |aDigitized edition from print [produced by Statistics Canada]. |
| 546 | |aText in English and French. |
| 692 | 07|2gccst|aEducation |
| 692 | 07|2gccst|aMultimedia |
| 692 | 07|2gccst|aStatistics |
| 700 | 1 |aRobbins, J. E. |
| 710 | 1 |aCanada.|bDominion Bureau of Statistics.|bEducation Branch. |
| 792 | |tThe use of films and slides in Canadian schools |efre|w(CaOODSP)9.846845 |
| 830 | #0|aEducation bulletin (Ottawa, Ont.)|vno. 3, 1937|w(CaOODSP)9.841635 |
| 856 | 40|qPDF|s1.23 MB|uhttps://publications.gc.ca/collections/collection_2017/statcan/CS81-D-86-1937.pdf |
| 986 | |a81-D-86 |